Real estate education throughout the world (Record no. 105448)

MARC details
000 -LEADER
fixed length control field 01148cam a2200253 4500
001 - CONTROL NUMBER
control field ##L133678
008 - FIXED-LENGTH DATA ELEMENTS--GENERAL INFORMATION
fixed length control field 060601n2001 000 0 eng u
020 ## - INTERNATIONAL STANDARD BOOK NUMBER
International Standard Book Number 079237553X
035 ## - SYSTEM CONTROL NUMBER
System control number (Sirsi) u133678
041 0# - LANGUAGE CODE
Language code of text/sound track or separate title eng
050 00 - LIBRARY OF CONGRESS CALL NUMBER
Classification number 333.330711 $2 21
110 2# - MAIN ENTRY--CORPORATE NAME
Corporate name or jurisdiction name as entry element European Business School
9 (RLIN) 4933
245 00 - TITLE STATEMENT
Title Real estate education throughout the world
Remainder of title past present and future
260 ## - PUBLICATION, DISTRIBUTION, ETC.
Place of publication, distribution, etc. Boston
-- London
Name of publisher, distributor, etc. Kluwer Academic
Date of publication, distribution, etc. 2001
300 ## - PHYSICAL DESCRIPTION
Extent xviii, 523p.
Dimensions 25cm.
350 ## - PRICE (NR) (BK AM CF MU VM SE) [OBSOLETE]
Price 115
490 #0 - SERIES STATEMENT
Series statement KAP Research Issues in Real Estate
505 2# - FORMATTED CONTENTS NOTE
Formatted contents note Requisite knowledge for effective property involvements in the global context -- Real estate education in Europe -- Real estate education in northern America -- Real estate education in Latin America -- Real estate education in Asia -- Real estate education in the Pacific Rim -- Real estate education in Africa
520 ## - SUMMARY, ETC.
Summary, etc. Documents the current status of real estate education throughout the world, and looks at the underlying research.
690 ## - LOCAL SUBJECT ADDED ENTRY--TOPICAL TERM (OCLC, RLIN)
Topical term or geographic name as entry element CAREERS, EDUCATION AND TRAINING
700 1# - ADDED ENTRY--PERSONAL NAME
Personal name Schulte, Karl-Werner
710 2# - ADDED ENTRY--CORPORATE NAME
Corporate name or jurisdiction name as entry element American Real Estate Society
9 (RLIN) 3481
942 ## - ADDED ENTRY ELEMENTS (KOHA)
Suppress in OPAC 0
Holdings
Withdrawn status Lost status Source of classification or shelving scheme Damaged status Not for loan Home library Current library Shelving location Date acquired Total Checkouts Full call number Barcode Date last seen Date last checked out Copy number Price effective from Koha item type
    Dewey Decimal Classification     London London RICS Boxes 02/06/2006 5 333.330711 EUR 30073002 06/08/2019 27/03/2018 1 06/08/2019 Book